عرض عادي عرض مارك
  • Jacobsen, Kathryn H.,

مدخل إسم شخص

عدد التسجيلات المستخدمة في: 2

001 - رقم الضبط

  • حقل الضبط: 75253

003 - معرف رقم الضبط

  • حقل الضبط: OSt

005 - تاريخ ووقت أخر عملية

  • حقل الضبط: 20191121210041.0

008 - عناصر بيانات ثابتة الطول

  • حقل تحكم ثابت الطول: 191121|| aca||aabn | a|a d

040 ## - مصدر الفهرسة

  • هيئة الفهرسة الأصلية: OSt
  • وكالة الكتابة: OSt

100 ## - مدخل -- أسم شخص

  • إسم شخص: Jacobsen, Kathryn H.,

670 ## - بيانات المصدر موجوده

  • الاستشهاد بالمصدر: Work cat.: (OSt)0: Jacobsen, Kathryn H., author., Introduction to health research methods :